000 00747cam a22002293a 4500
001 17555
003 PGUSA
005 20140828083356.0
008 060120s2006||||xxu|||||s|||||000 | eng d
040 _aPGUSA
_beng
042 _adc
050 4 _aDB
100 1 _aFortis, Alberto,
_d1741-1803
245 1 0 _aLettre de m. l'abbé Fortis à mylord comte de Bute, sur les moeurs et usages des Morlaques, appellés Montenegrins
_h[electronic resource] /
_cAlberto Fortis
260 _bProject Gutenberg,
_c2006
506 _aPublic domain in the USA.
516 _aElectronic text
653 _aDalmatia (Croatia) -- Description and travel
830 0 _aProject Gutenberg
_v17555
856 4 0 _uhttp://www.gutenberg.org/ebooks/17555
942 _cEB
999 _c246810
_d246810